000 00586nam a2200217Ia 4500
005 20250508165514.0
008 008 250505s9999 xx 000 0 hin d
020 _a978-81-87171-39-3
037 _aReference
040 _aFEDL
_beng
_cFEDL
041 _ahin
_2hin
084 _a370, EKL.RR
_qFEDL
245 0 _aBhul bjulaiya: Kuchh paheliyan
245 0 _cEklavya
260 _aBhopal, India
_bEklavya Prakashan
_c2002
300 _a14p.
365 _aINR
_b70
490 _aAao mathapachchi karen, 5
942 _cREF
_h370, EKL.RR
999 _c1395518
_d1395518